000 00554nam a2200193Ia 4500
003 GCL
008 140319s9999 xx 000 0 ara d
040 _aGCL /
_cGCL
082 0 4 _a922.1
_bا ع
100 1 _aالجزائرى , ابوبكر جابر
245 1 0 _aالعلم والعلماء /
_cالجزائرى , ابوبكر جابر
260 _a[S.N] :
_bدار الكتب السلفية
300 _a344 ص
490 _a
650 0 4 _aالعلماء
650 0 4 _aالعلم والعلماء
650 0 4 _aالعلوم
942 _2ddc
_cBK
999 _c42476
_d42476